|
|
|
|
| LEADER |
01359cam a22002777i 4500 |
| 001 |
3496343 |
| 003 |
GR-PaULI |
| 005 |
20210531143453.0 |
| 008 |
171101s1993 gw a f b 001 0 ger d |
| 010 |
|
|
|a 94182506
|
| 020 |
|
|
|a 3519074702
|
| 040 |
|
|
|a MBU
|c MBU
|d NN
|d DLC
|d GR-PaULI
|b gre
|e AACR2
|
| 041 |
0 |
|
|a gergrc
|
| 082 |
0 |
0 |
|a 882.0109
|2 23
|
| 100 |
1 |
|
|a Klimek-Winter, Rainer.
|9 165335
|e συγγραφέας
|
| 245 |
1 |
0 |
|a Andromedatragödien :
|b Sophokles, Euripides, Livius Andronikos, Ennius Accius : Text, Einleitung und Kommentar /
|c von Rainer Klimek-Winter.
|
| 260 |
|
|
|a Stuttgart :
|b B.G. Teubner,
|c 1993.
|
| 300 |
|
|
|a xv, 408 σ. :
|b εικ. ;
|c 24 εκ.
|
| 500 |
|
|
|a Αναθεώρηση της διατριβής του συγγραφέα (διδακτορικό) -- Fakultät für Kulturwissenschaften der Eberhard-Karls-Universität Tübingen, 1990.
|
| 504 |
|
|
|a Περιλαμβάνει βιβλιογραφία και ευρετήριο.
|
| 650 |
|
4 |
|a Ελληνικό δράμα
|x Ιστορία και κριτική
|9 542
|
| 650 |
|
4 |
|a Ανδρομέδα (Μυθολογία).
|9 165336
|
| 942 |
|
|
|2 ddc
|c BK15
|
| 952 |
|
|
|0 0
|1 0
|2 ddc
|4 0
|6 882_010900000000000_KLI
|7 0
|9 216934
|a THST
|b THST
|d 2017-11-01
|i 000827
|l 0
|o 882.0109 KLI
|p 025000015100
|r 2017-11-01 00:00:00
|t 1
|v 2017.00
|w 2017-11-01
|y BK15
|
| 998 |
|
|
|c ΜΑΝΙΑ
|d 2017-11
|
| 999 |
|
|
|c 131523
|d 131523
|